| 000 | 00615nam a22001937a 4500 | ||
|---|---|---|---|
| 008 | 130821s1930 fr gr fre | ||
| 040 |
_aCo-BoUCM _bspa |
||
| 041 | 0 | 0 | _afre |
| 100 |
_aBenoit, Pierre _d1886-1962 _9149645 |
||
| 245 | 0 | 3 |
_aL'Atlantide _cPierre Benoit ; Illustrations de Pierre Rousseau |
| 260 |
_aParís (Francia) _bHenri Cyral _c1930 |
||
| 300 | _a330 páginas | ||
| 490 | _aCollection Francise | ||
| 500 | _aIncluye índice | ||
| 600 |
_aCastro Silva _9563 |
||
| 650 | 0 | 4 |
_aNovela francesa _920506 |
| 942 |
_cLIBRO _a18 _e1 _mB35A _n0 _2DEWEY _h843 |
||
| 999 |
_c86079 _d86079 |
||